logo

Bir Sreshtho Munshi Abdur Rouf Library
Jhenaidah Cadet College

Capital : A Critoque of political economy / (Record no. 5246)

MARC details
000 -LEADER
fixed length control field 00570nam a2200229 a 4500
001 - CONTROL NUMBER
JCCL Control Number 5246
003 - CONTROL NUMBER IDENTIFIER
JCCL marc code BD-JhCC
005 - DATE AND TIME OF LATEST TRANSACTION
control field 20171213131630.0
008 - FIXED-LENGTH DATA ELEMENTS--GENERAL INFORMATION
fixed length control field 171211s1959 rur||||| |||| 00| 0 eng d
035 ## - SYSTEM CONTROL NUMBER
system control number (BD-JhCC)5246
040 ## - CATALOGING SOURCE
Original cataloging agency BD-JhCC
Modifying agency BD-JhCC
041 ## - LANGUAGE CODE
Language code of Book eng
082 ## - DEWEY DECIMAL CLASSIFICATION NUMBER
Classification number 335.41
Author mark and Year MAR 1954
100 ## - MAIN ENTRY--PERSONAL NAME
Personal name Marx, Karl
245 ## - TITLE STATEMENT
Title Capital : A Critoque of political economy /
Statement of responsibility, etc Karl Marx
260 ## - PUBLICATION, DISTRIBUTION, ETC. (IMPRINT)
Place of publication, distribution, etc Russia :
Name of publisher, distributor, etc Progress Publishers,
Date of publication, distribution, etc 1954.
300 ## - PHYSICAL DESCRIPTION
Pagination 767 p. :
Dimensions 21 cm.
650 ## - SUBJECT ADDED ENTRY--TOPICAL TERM
Topical term or geographic name as entry element Capital
650 ## - SUBJECT ADDED ENTRY--TOPICAL TERM
Topical term or geographic name as entry element Economics
942 ## - ADDED ENTRY ELEMENTS (KOHA)
Source of classification or shelving scheme Dewey Decimal Classification
Koha item type Books
Holdings
Source of classification or shelving scheme volume number Damaged status Not for loan Home library Current library Shelving location Date of accession Total Checkouts Full call number Barcode Date last seen Copy number Koha item type
Dewey Decimal Classification V-1     JCC Rouf Library JCC Rouf Library General Stacks 12/11/2017   335.41 MAR 1954 7176 12/11/2017 C-1 Books
Dewey Decimal Classification V-1     JCC Rouf Library JCC Rouf Library General Stacks 12/12/2017   335.41 MAR 1954 7171 12/12/2017 C-2 Books

JCC Library | Contacts | JCC Home

Last Update on 23 September 2017
Copyright @ 2017-2020 JCC Rouf Library
Rouf Library, Jhenidah Cadet College (JCC), Bangladesh